Normal view
MARC view
Entry Geographic Name
001 - CONTROL NUMBER
- control field: 6702
003 - CONTROL NUMBER IDENTIFIER
- control field:
005 - DATE AND TIME OF LATEST TRANSACTION
- control field: 20210601175949.0
008 - FIXED-LENGTH DATA ELEMENTS
- fixed length control field: 210601|| aca||aabn | a|a d
040 ## - CATALOGING SOURCE
- Original cataloging agency:
- Transcribing agency:
151 ## - HEADING--GEOGRAPHIC NAME
- Geographic name: Maharashtra (India)
- General subdivision: Economic condition
670 ## - SOURCE DATA FOUND
- Source citation: Work cat.: (): Maharashtra (India). Directorate of Publicity 6696, Maharashtra :, 1972-
